Who wants a ride? / (Record no. 2601)

MARC details
000 -LEADER
fixed length control field 00785nam a22002417a 4500
005 - DATE AND TIME OF LATEST TRANSACTION
control field 20250731140327.0
020 ## - INTERNATIONAL STANDARD BOOK NUMBER
International Standard Book Number 9780590273824
040 ## - CATALOGING SOURCE
Original cataloging agency DLC
Transcribing agency DLC
Language of cataloging eng
050 00 - LIBRARY OF CONGRESS CALL NUMBER
Classification number 591.563
100 1# - MAIN ENTRY--PERSONAL NAME
Personal name Bernard, Robin
245 10 - TITLE STATEMENT
Title Who wants a ride? /
Statement of responsibility, etc. Written by Robin Bernard ; Illustrated by Katherine Tillotson
260 ## - PUBLICATION, DISTRIBUTION, ETC.
Place of publication, distribution, etc. New York :
Name of publisher, distributor, etc. Scholastic,
Date of publication, distribution, etc. 1994
300 ## - PHYSICAL DESCRIPTION
Extent 16 pages :
Other physical details color illustration ;
Dimensions 20 cm .
500 ## - GENERAL NOTE
General note Descriptive notes on container include song texts.
505 0# - FORMATTED CONTENTS NOTE
Formatted contents note J <br/>
520 ## - SUMMARY, ETC.
Summary, etc. Describes the various ways that baby animals are carried by their mothers
521 ## - TARGET AUDIENCE NOTE
Target audience note 450 <br/>
Source Lexile <br/>
521 ## - TARGET AUDIENCE NOTE
Target audience note J <br/>
Source Raz-Plus <br/>
700 1# - ADDED ENTRY--PERSONAL NAME
Personal name Tillotson, Katherine
906 ## - LOCAL DATA ELEMENT F, LDF (RLIN)
a 7
b cbc
c origres
d 3
e ncip
f 20
g y-genmusic
942 ## - ADDED ENTRY ELEMENTS (KOHA)
Source of classification or shelving scheme Dewey Decimal Classification
Koha item type Books
Suppress in OPAC No
999 ## -
-- 2601
-- 2601
Holdings
Withdrawn status Lost status Source of classification or shelving scheme Damaged status Not for loan Collection Home library Current library Shelving location Date acquired Total Checkouts Full call number Barcode Date last seen Date last checked out Price effective from Koha item type Copy number
    Dewey Decimal Classification     Juvenile Fiction Footprints International School Library Network Toul Kork Campus Footprints International School Library Network Toul Kork Campus TK Primary Library Room(4th Floor), Bookcase 1&2, Shelves 1-16, Dark Blue Books 10/28/2024   BER 591.563 2024-2241 10/28/2024   10/28/2024 Books 2
    Dewey Decimal Classification     Juvenile Fiction Footprints International School Library Network Toul Tom Poung Campus Footprints International School Library Network Toul Tom Poung Campus TTP Primary Dark Blue Bookshelves 01/04/2024 6 BER 591.563 FISBK06273 02/12/2026 01/29/2026 01/04/2024 Books  
    Dewey Decimal Classification     Juvenile Fiction Footprints International School Library Network Toul Tom Poung Campus Footprints International School Library Network Toul Tom Poung Campus TTP Primary Dark Blue Bookshelves 07/31/2025   BER 591.563 FISBK05510 07/31/2025   07/31/2025 Books 3